000 00569nam a22001937a 4500
005 20251108164031.0
008 250721s1996 xx 000 0 ara d
082 1 4 _a809/كلو
100 1 _aكلودبيشوا، بيربرونيل
245 1 0 _aما الأدب المقارن /
264 1 _aدمشق :
_bدار علاء الدين،
_c1996.
300 _a176ص
650 1 7 _aالأدب المقارن
650 1 7 _aالأدب
700 1 _aروسو، أندريه ميشيل
700 1 _aالسيد، غسان
_eترجمة
942 _2ddc
_cBK
999 _c1957
_d1957